000
00499nam a2200145Ia 4500
008
151213s9999 xx 000 0 und d
100
_a
মোবাশ্বের আলী।
245
_a
গ্রীক ট্রাজেডি
_c
মোবাশ্বের আলী।
260
_a
ঢাকা।
_b
সাঈদ বারী।
_c
2003
300
_a
8698 p.
650
_a
Bangla
650
_a
ট্রাজেডি।
700
_a
মোবাশ্বের আলী।
999
_c
4484
_d
4484